000 00502cam a2200193 4500
001 D10180
008 090401t1985 xxu||||| |||| 00| 0 eng d
035 _a(Sirsi) u94342
041 _aeng
050 _a346.4104342
100 _aBarnes, Michael
245 _aBring on flying freeholds? Problems of the leasehold flat system and some solutions
260 _c1985
350 _a0
520 _aIn Blundell memorial lectures 1985
700 _aSmall, David
942 _n0
948 _c04/03/1997
999 _c97988
_d97988